Obras escogidas / (Registro nro. 7566)

Detalles MARC
000 -LIDER
fixed length control field 01228nam a2200325 a 4500
001 - NÚMERO DE CONTROL
Identificador de número de control 000013500
003 - IDENTIFICACDOR DE NÚMERO DE CONTROL
control field DO-SdBNP
005 - DATE AND TIME OF LATEST TRANSACTION
control field 20240404125759.0
007 - CAMPOS FIJOS DE DESCRIPCIÓN FÍSICA
fixed length control field 000013500
008 - ELEMENTOS DE LONGITUD FIJA
fixed length control field 091126s2003 dr 001 0 spa d
020 ## - ISBN
International Standard Book Number 9993455482
040 ## - FUENTE DE CATALOGACIÓN
Agencia que crea de manera original el registro BPMSU
Idioma de catalogación spa
Agencia que realiza la transcripción BPMSU
082 #4 - NÚMERO DE CLASIFICACIÓN DECIMAL DE DEWEY
Classification number RD868.4
Item number C422o 2003
Edition number 22
100 1# - ASIENTO PRINCIPAL -- NOMBRE PERSONAL
Nombre personal Cestero, Tulio M.
Forma completa del nombre (Tulio Manuel),
Término de relación 1877 -1955
245 10 - MENCIÓN DE TITULO
Título Obras escogidas /
Mención de responsabilidad Tulio Manuel Cestero; edición Andrés Blanco Díaz.
260 ## - PUBLICACIÓN, DISTRIBUCIÓN, ETC. (PIE DE IMPRENTA)
Lugar de publicación, distribución, etc Santo Domingo :
Nombre del editor, distribuidor, etc. Ediciones de la Fundación Corripio,
Fecha de publicación, distribución, etc 2003.
300 ## - DESCRIPCIÓN FÍSICA
Extensión v. :
Otros detalles físicos il., retr. ;
Dimensiones 23 cm.
490 1# - MENCIÓN DE SERIES
Mención de serie Biblioteca de clásicos dominicanos;
Volume/sequential designation 36, 37
500 ## - NOTA GENERAL
Nota general Incluye datos biográficos del autor en la solapa de la cubierta
500 ## - NOTA GENERAL
Nota general Incluye referencias bibliográficas y notas al pie de las páginas
505 2# - NOTA DE CONTENIDO
Información miscelánea v. 1
Título Novela --
Información miscelánea v. 2
Título César Borgia y otros ensayos --
590 ## - NOTA LOCAL
Texto de la nota local Inventariado, 2024/VM
600 14 - ENCABEZAMIENTO DE MATERIA--NOMBRE PERSONAL
Nombre personal Cestero, Julio M
Forma completa del nombre (Tulio Manuel)
Fechas asociadas con el nombre 1877-1955
Subdivisión temática general Crítica e interpretación
600 14 - ENCABEZAMIENTO DE MATERIA--NOMBRE PERSONAL
Nombre personal Borgia, César
Fechas asociadas con el nombre 1475-1507
650 #4 - ENCABEZAMIENTO DE MATERIA--TEMÁTICO
Término temático o nombre geográfico como elemento de entrada Ensayos dominicanos
650 #4 - ENCABEZAMIENTO DE MATERIA--TEMÁTICO
Término temático o nombre geográfico como elemento de entrada Literatura dominicana
700 1# - ASIENTO SECUNDARIO -- NOMBRE PERSONAL
Nombre personal Blanco Díaz, Andrés
Mención de responsabilidad ed.
910 ## - VALIDACIÓN
Validación VMateo V. Control de calidad. BPMSU
942 ## - ADDED ENTRY ELEMENTS (KOHA)
Source of classification or shelving scheme Dewey Decimal Classification
Koha item type Libros
Existencias
Withdrawn status Lost status Source of classification or shelving scheme Damaged status Not for loan Collection code Home library Current library Date acquired Total Checkouts Full call number Barcode Date last seen Price effective from Koha item type Copy number
    Dewey Decimal Classification     Colección Dominicana Biblioteca Pública Metropolitana Salomé Ureña Biblioteca Pública Metropolitana Salomé Ureña 03/06/2015   BPMSU CD RD868.4 C422o 2003 BPMSU15040294 03/06/2015 03/06/2015 Libros  
    Dewey Decimal Classification     Colección Dominicana Biblioteca Pública Metropolitana Salomé Ureña Biblioteca Pública Metropolitana Salomé Ureña 03/06/2015   BPMSU CD RD868.4 C422o 2003 BPMSU15040295 03/06/2015 03/06/2015 Libros v.2
    Dewey Decimal Classification     Colección Dominicana Biblioteca Pública Metropolitana Salomé Ureña Biblioteca Pública Metropolitana Salomé Ureña 03/06/2015   RD864.44 C422o BPMSU15040296 03/06/2015 03/06/2015 Libros  
    Dewey Decimal Classification     Colección Dominicana Biblioteca Pública Metropolitana Salomé Ureña Biblioteca Pública Metropolitana Salomé Ureña 03/06/2015   BPMSU CD RD868.4 C422o 2003 BPMSU15040297 03/06/2015 03/06/2015 Libros v.2, e.2